|
|
|
|
| LEADER |
00000nam a2200000 4500 |
| 001 |
vtls011913578 |
| 003 |
SK-MaSNL |
| 005 |
20260301225252.0 |
| 008 |
251112s1693 gw f 00| 0 lat |
| 015 |
|
|
|a SNBHFA1693
|
| 040 |
|
|
|a SNKHF
|b slo
|c SNKHF
|e rda
|
| 041 |
|
|
|a lat
|
| 044 |
|
|
|a gw
|c DE
|
| 072 |
|
7 |
|a 61
|x Lekárske vedy. Medicína
|2 konspekt
|
| 080 |
|
|
|a 61
|2 2011
|
| 080 |
|
|
|a (043.3)
|2 2011
|
| 100 |
1 |
|
|a Hofman, Paul
|4 aut
|4 dis
|9 503932
|
| 245 |
1 |
0 |
|a Q. B. V. Exercitationem Inauguralem De Morbis Senum, Ex Auctoritate Medicorum Ordinis,
|c Praeside Rectore Magnifico, Dn. Io. Gothofr. Bergero, D. Ordinis Medici Seniore, Et h. t. Decano, Ac Pathologiae Profess. Publ. Dn. Patrono Et Praeceptore Suo Sancte Colendo, Pro Licentia Ad Spirandi Ad Summos Doctrinae In Arte Salutari Honores, P. P. ; Paulus Hofmann/ Dresdensis
|
| 264 |
|
3 |
|a Vitembergae
|b Typis Christiani Schrödteri, Acad. Typ.
|c MDCXCIII (1693)
|
| 300 |
|
|
|a 28 strán
|c 4°
|
| 336 |
|
|
|a text
|b txt
|2 rdacontect
|
| 337 |
|
|
|a bez média
|b n
|2 rdamedia
|
| 338 |
|
|
|a zväzok
|b nc
|2 rdacarrier
|
| 500 |
|
|
|a Vinety, ozdobné iniciálky s ozdobným pozadím na 7 riadkov, kustody
|
| 501 |
|
|
|a Príväzok 46. k: FINGER, Christian Gottfried. Disputatio Inauguralis De Dentitione Puerorum Difficili. Lipsiae: Literis Christoph. Fleischeri, 1694. 4°.
|5 SNK IC 144753
|
| 502 |
|
|
|a Dizertačná práca (Doktor) -- Universität Wittenberg, Wittenberg, 1693
|
| 510 |
4 |
|
|a VD17
|c 7:681453C
|
| 546 |
|
|
|a Latinčina
|b Kurzíva
|
| 561 |
|
|
|a Z knižnice Učenej spoločnosti malohontskej.
|5 SNK IC 144753/prív.46
|
| 650 |
0 |
7 |
|a medicína
|2 SNKPH
|9 899
|
| 655 |
|
7 |
|a dizertácie
|2 SNKPH
|9 70277
|
| 700 |
1 |
|
|a Schrödter, Christian,
|d 1640-1723
|4 prt
|9 363255
|
| 700 |
1 |
|
|a Berger, Johann Gottfried von,
|d 1659-1736
|4 ths
|9 187010
|
| 710 |
2 |
|
|a Učená spoločnosť malohontská
|4 fmo
|9 205374
|
| 710 |
0 |
|
|a Schrödter, Christian (Wittenberg, Nemecko)
|4 prt
|9 193527
|
| 752 |
|
|
|a Nemecko
|d Wittenberg
|
| 852 |
|
|
|a snk
|b Historické fondy
|p IC 144753/prív.46
|
| 958 |
|
|
|a DC
|
| 958 |
|
|
|a MI
|
| 999 |
|
|
|c 950286
|d 952216
|
| 952 |
|
|
|t LXXIII. / MHC 1283
|a SNK
|b SNK
|c SNK_HF
|y PREZ
|7 0
|p 17A1357547
|o snkIC 144753/prív.46
|i snk2020/1428
|8 5
|0 0
|1 0
|4 0
|d 2020-01-27
|l 0
|r 2026-02-24 09:46:21
|w 2026-02-24
|